| 000 | 00480nam a2200157Ia 4500 | ||
|---|---|---|---|
| 005 | 20260601193220.0 | ||
| 008 | 260601s9999||||xx |||||||||||||| ||und|| | ||
| 020 |
_a978-3-658-39572-8 _qebk |
||
| 100 | _aVolker Johanning | ||
| 245 | 0 | _aOrganization and Management of IT | |
| 250 | _a2024 | ||
| 260 |
_aHeidelberg, Germany _bSpringer Nature _c2024 |
||
| 650 | _aComputer Science | ||
| 856 | _uhttps://link.springer.com/openurl?genre=book&isbn=978-3-658-39572-8 | ||
| 942 |
_cEB _2ddc |
||
| 999 |
_c55765 _d55765 |
||